Análisis sintáctico de la preoración movere (Guaimí): Oraciones negativas, interrogativas e imperativas o exhortativas
Wedi'i Gadw mewn:
| Prif Awdur: | |
|---|---|
| Fformat: | Llyfr |
| Iaith: | Undetermined |
| Cyhoeddwyd: |
San José, Costa Rica
Escuela de Filología, Lingüística y Literatura,Universidad de Costa Rica
1984
|
| Pynciau: | |
| Tagiau: |
Ychwanegu Tag
Dim Tagiau, Byddwch y cyntaf i dagio'r cofnod hwn!
|
MARC
| LEADER | 00000nam a2200000Ia 4500 | ||
|---|---|---|---|
| 008 | 170316s9999 xx 000 0 und d | ||
| 999 | |c 13698 |d 13698 | ||
| 040 | |a cru BVZT | ||
| 090 | |a TESIS 35 | ||
| 100 | |a Madrigal González, David Gerardo | ||
| 245 | |a Análisis sintáctico de la preoración movere (Guaimí): Oraciones negativas, interrogativas e imperativas o exhortativas | ||
| 260 | |a San José, Costa Rica | ||
| 260 | |b Escuela de Filología, Lingüística y Literatura,Universidad de Costa Rica | ||
| 260 | |c 1984 | ||
| 300 | |a 70 páginas | ||
| 650 | |a LICENCIATURA EN LINGÜÍSTICA | ||
| 650 | |a TRABAJO FINAL DE GRADUACIÓN |9 237 | ||
| 942 | |c 15 D |h TESIS 35 |2 z | ||
